| 000 | 01066cam a22002771a 4500 | ||
|---|---|---|---|
| 001 | ca 27000498 | ||
| 003 | DLC | ||
| 005 | 20260227111119.0 | ||
| 008 | 891202s1920 maua b 000 0 eng | ||
| 010 | _aca 27000498 | ||
| 035 | _a(OCoLC)20725960 | ||
| 040 |
_aDLC _cWHi _dWHi _dDLC |
||
| 042 | _apremarc | ||
| 043 | _an-us-ma | ||
| 050 | 0 | 0 |
_aF68 _b.P71 |
| 245 | 0 | 0 |
_aPilgrim Tercentenary : _bobservances at Plymouth, December 21, 1920 and the summer of 1921. |
| 260 |
_a[Plymouth, Mass.] : _bIssued by the Plymouth Cordage Co. by authority of the Tercentenary Town Committee, _c[1920] |
||
| 300 |
_a15 p. : _bill. ; _c16 cm. |
||
| 500 | _aCover title. | ||
| 500 | _aRunning title: The Pilgrim Tercentenary, Plymouth, June to September, 1921. | ||
| 504 | _aIncludes bibliographical references (p. 12-15) | ||
| 650 | 0 |
_aPilgrims (New Plymouth Colony) _xCentennial celebrations, etc. |
|
| 651 | 0 |
_aMassachusetts _xHistory _yNew Plymouth, 1620-1691. |
|
| 710 | 2 | _aPlymouth Cordage Company. | |
| 740 | 0 | _aPilgrim Tercentenary, Plymouth, June to September, 1921. | |
| 999 |
_c16310 _d16310 |
||